WHL Teams - Statistics

General Stats
  • This quiz has been taken 158 times
  • The average score is 17 of 22
Answer Stats
Division Team Name % Correct
East Regina Pats
92%
Central Edmonton Oil Kings
90%
Central Calgary Hitmen
86%
B.C. Vancouver Giants
85%
B.C. Kelowna Rockets
84%
U.S. Portland Winterhawks
81%
East Saskatoon Blades
81%
U.S. Seattle Thunderbirds
81%
Central Medicine Hat Tigers
78%
B.C. Prince George Cougars
78%
B.C. Kamloops Blazers
77%
U.S. Tri-City Americans
77%
East Brandon Wheat Kings
75%
Central Red Deer Rebels
75%
U.S. Spokane Chiefs
75%
B.C. Victoria Royals
75%
Central Lethbridge Hurricanes
71%
East Moose Jaw Warriors
71%
Central Swift Current Broncos
71%
East Prince Albert Raiders
68%
U.S. Wenatchee Wild
67%
U.S. Everett Silvertips
63%
No matching quizzes found
Score Distribution
Percent of People with Each Score
Percentile by Number Answered
Your Score History
You have not taken this quiz